Paedagógiai [Pedagógiai] alapfogalmak

Elmentve itt :
Bibliográfiai részletek
Szerző: Mázy Engelbert
Dokumentumtípus: Cikk
Megjelent: 1893
Sorozat:Magyar pedagógia : a Magyar Tudományos Akadémia Pedagógiai Bizottságának folyóirata 2
Kulcsszavak:Oktatásügy Magyarország 19. sz., Pedagógia magyar 19. sz., Alapfogalmak
Online Access:http://misc.bibl.u-szeged.hu/6865
LEADER 00708nab a2200181 i 4500
001 misc6865
005 20191106144350.0
008 170607s1893 hu o 0|| hun d
022 |a 0025-0260 
040 |a SZTE Miscellanea Repozitórium  |b hun 
041 |a hun 
100 1 |a Mázy Engelbert 
245 1 0 |a Paedagógiai [Pedagógiai] alapfogalmak  |h [elektronikus dokumentum] /  |c  Mázy Engelbert 
260 |c 1893 
300 |a 393-408 
490 0 |a Magyar pedagógia : a Magyar Tudományos Akadémia Pedagógiai Bizottságának folyóirata  |v 2 
695 |a Oktatásügy Magyarország 19. sz., Pedagógia magyar 19. sz., Alapfogalmak 
856 4 0 |u http://misc.bibl.u-szeged.hu/6865/1/mp_1893_0132_393-408.pdf  |z Dokumentum-elérés